000 01147nam0a22002891 4500
001 v19\rc\1761497
005 20250619120221.0
035 _a(NLR Aleph) 004896448
090 _a5326756
_c5326756
100 _a20061204e19031903|||y0rusy50 ca
101 0 _arus
102 _aRU
105 _ay z |||||
200 1 _aСлучай нарколепсии
_eЧит. в Саратовск. физ.-мед. о-ве 20 янв. 1903 г.
_f(Из Саратовск. губ. земск. больницы)
_g[Соч.] Н.Е. Кушева
210 _aМосква
_cт-во тип. А.И. Мамонтова
_dценз. 1903
215 _a6 с.
_d23
309 _aБез тит. л. и обл.
311 _aИз журн. "Мед. обозрение". 1903, № 11
488 0 _12001#$aМедицинское обозрение$v1903, № 11
_tМедицинское обозрение
700 1 _aКушев
_bН.Е.
_f1858-1941
_gНиколай Егорович
801 0 _aRU
_bNLR
_gpsbo
801 0 _aRU
_bRuMoRGB
_2psbo
801 1 _aRU
_bProSoft-M
_2rusmarc
852 _aNLR
_j34.48.4.239
899 _aRuMoRGB
_jW 62/691
942 _cBOOK
980 _aNB